Bands/Musicians by Country - Statistics

General Stats
  • This quiz has been taken 15 times
  • The average score is 26 of 49
Answer Stats
Hint Extra Hint Answer % Correct
Celine Dion My Heart Will Go On, I’m Alive Canada
100%
PSY Ganganm Style South Korea
100%
ABBA Dancing Queen, Mamma Mia Sweden
100%
Shakira Hips Don’t Lie, Waka Waka Colombia
93%
BTS Dynamite, Permission to Dance South Korea
93%
Drake Hotline Bling, One Dance Canada
86%
Daft Punk Get Lucky, One More Night France
86%
Ed Sheeran Thinkin’ Out Loud, Shape of You United Kingdom
86%
The Weeknd Blinding Lights, Starboy Canada
79%
Rammstein Deutschland, Sonne Germany
79%
Bjork It’s Oh So Quiet, Army of Me Iceland
79%
U2 With or Without You,I Still Haven’t Found What I’m Looking For Ireland
79%
Swedish House Mafia Don’t You Worry Child, One Sweden
79%
OutKast Hey Ya! United States
79%
Men At Work Down Under, Overkill Australia
71%
Rihanna Umbrella, Only Girl (In The World) Barbados
71%
Nena 99 Luftballons Germany
71%
BLACKPINK Lovesick Girls, How You Like That South Korea
71%
Avicii Wake Me Up, Without You Sweden
71%
Tarkan Şımarık Türkiye
71%
Shaggy I Didn’t Do It, Mr. Boombastic Jamaica
64%
Depeche Mode Enjoy the Silence, People is People United Kingdom
64%
Alanis Morrisette Ironic, Hand In My Pocket Canada
57%
Fatboy Slim Weapon of Choice, You’re Not From Brighton United Kingdom
57%
The Cure Friday I’m In Love, Just Like Heaven United Kingdom
57%
Pitbull Fireball, Hotel Room Service United States
57%
Nicki Minaj Anaconda, Starships Trinidad and Tobago
50%
Eurythmics Sweet Dreams (Are Made of This) United Kingdom
50%
Bobby McFerrin Don’t Worry Be Happy United States
50%
The Cars Just What I Needed, You Might Think United States
50%
BABYMETAL Gimmie Chocolate!! Japan
43%
Milli Vanilli Girl You Know It’s True Germany
36%
Lorde Royals New Zealand
36%
TWICE Cheer Up South Korea
36%
Selena Como la Flor, Bidi Bidi Bom Bom United States
36%
Peter Tosh Legalize It, Johnny B. Goode Jamaica
29%
Pussy Riot 1312, RIOT Russia
29%
Gordon Lightfoot Sundown, The Wreck of the Edmund Fitzgerald Canada
21%
Lou Bega Mambo No. 5 Germany
21%
Darude Sandstorm Finland
14%
Real McCoy Another Night Germany
14%
Inner Circle Bad Boys Jamaica
14%
Kygo Firestone, Whatever Norway
14%
LCD Soundsystem All My Friends, Daft Punk Is Playing At My House United States
14%
Hanoi Rocks Up Around the Bend, Tragedy Finland
7%
Mr. President Coco Jamboo Germany
7%
BAND-MAID Domination, Choose Me Japan
7%
Peggy Gou (It Goes Like) Nanana, Starry Night South Korea
7%
Trans-Siberian Orchestra Christmas Eve/Sarajevo, Carol of the Bells United States
7%
No matching quizzes found
Score Distribution
Percent of People with Each Score
Percentile by Number Answered
Your Score History
You have not taken this quiz